| 000 | 00713nam a2200253Ia 4500 | ||
|---|---|---|---|
| 003 | OSt | ||
| 005 | 20220928104957.0 | ||
| 006 | a|||||r|||| 00| 0 | ||
| 007 | ta | ||
| 008 | 220927b |||||||| |||| 00| 0 eng d | ||
| 020 | _cINR 250.00 | ||
| 024 | _a133113 | ||
| 037 |
_b0276, 08/03/2017, Bookwell Publications _cTextual |
||
| 040 |
_aSDCL _cSDCL _beng |
||
| 041 |
_2eng _aeng |
||
| 082 | _aO-,3, Q1 LR | ||
| 100 | _aChristie Agatha | ||
| 245 | 0 | _aCards on the table | |
| 260 |
_aLondon _bHarper _c2001 |
||
| 300 |
_a320p. _ccm. |
||
| 650 | _aReference | ||
| 942 |
_hO-,3, Q1 LR _cTEXL _2CC |
||
| 999 |
_c728912 _d728912 |
||